| 000 | 01165cam a2200289 a 4500 | ||
|---|---|---|---|
| 001 | 13881891 | ||
| 003 | OSt | ||
| 005 | 20240618122349.0 | ||
| 008 | 050224s2005 njua f b 001 0 eng d | ||
| 010 | _a 2005295721 | ||
| 020 | _a047148735X | ||
| 020 | _a0471661597 | ||
| 040 |
_aMUST _cMUST |
||
| 082 | 0 | 4 |
_a591.59 MOM 2005 _220 |
| 100 | 1 |
_aMontgomery, Douglas C. _92557 |
|
| 245 | 1 | 0 |
_aDesign and analysis of experiments / _cDouglas C. Montgomery. |
| 250 | _a6th ed. | ||
| 260 |
_aHoboken: _bJohn Wiley & Sons, _c2005. |
||
| 300 |
_axv, 643 p. : _bill. ; _c26 cm. |
||
| 504 | _aIncludes bibliographical references (p. 595-601) and index. | ||
| 650 | 0 |
_aExperimental design. _97425 |
|
| 856 | 4 | 2 |
_3Contributor biographical information _uhttp://www.loc.gov/catdir/enhancements/fy0627/2005295721-b.html |
| 856 | 4 | 2 |
_3Publisher description _uhttp://www.loc.gov/catdir/enhancements/fy0627/2005295721-d.html |
| 856 | 4 | 1 |
_3Table of contents only _uhttp://www.loc.gov/catdir/enhancements/fy0627/2005295721-t.html |
| 942 |
_2ddc _cO_SHELF |
||
| 999 |
_c8613 _d8613 |
||